01535cas a22004217a 450000500170000000800410001701000100005801100100006802200140007803500100009224500610010226000570016330000160022031000150023636200190025159000410027059000410031159000410035259000420039365000510043586600300048686600580051686600580057486600580063286600580069086600580074886600580080686600300086486600240089486600220091886600240094086600280096486600360099286600380102890100070106690500230107399900170109620220329142019.0990217c1955 us qr p rnn 0 0b1eng d a77055 a780270 a0032-0919 a8782700aPlant Science Bulletinc/by Botanical Society of America0 aColumbus, OH :bBotanical Society of America,c1955- av. :bilus. aTrimestral1 av.40 n.4, 1994 aBATCH-UPDb10c20130110lUCH01h2248 aBATCH-UPDb10c20130410lUCH01h1542 aBATCH-UPDb10c20130914lUCH01h0736 aCONVERSIONb10c20130109lUCH01h134214aBotánicaxPublicaciones periódicas.914606 av. 44 n. 4 (1998: Winter) av. 45 n. 1 (1999: Spring) - v. 45 n. 4 (1999: Winter) av. 46 n. 1 (2000: Spring) - v. 46 n. 4 (2000: Winter) av. 48 n. 1 (2002: Spring) - v. 48 n. 4 (2002: Winter) av. 49 n. 1 (2003: Spring) - v. 49 n. 4 (2003: Winter) av. 52 n. 1 (2006: Spring) - v. 53 n. 4 (2007: Winter) av. 54 n. 1 (2008: Spring) - v. 54 n. 4 (2008: Winter) av. 55 n. 2 (2009: Summer) av.19 n.1-4 - (1973) av.23 n.4 - (1977) av.24 n.3-4 - (1978) av.32 n.1-2,4-6 - (1986) av.33 n.1-v.36 n.4 - (1987-1990) av.38 n.1-v.44 n.1,3 - (1992-1998) aSE aLilia Sánchez G. c77055d77055